<?xml version="1.0" encoding="UTF-8"?>
<marc:record xmlns:marc="http://www.loc.gov/MARC21/slim">
   <marc:leader>00000nam a2200000 a 4500</marc:leader>
   <marc:datafield ind1="1" ind2=" " tag="100">
      <marc:subfield code="a">Islington, James</marc:subfield>
      <marc:subfield code="4">aut</marc:subfield>
      <marc:subfield code="e">Verfasser/-in</marc:subfield>
   </marc:datafield>
   <marc:datafield ind1=" " ind2=" " tag="653">
      <marc:subfield code="a">Softcover / Belletristik/Fantasy</marc:subfield>
   </marc:datafield>
   <marc:datafield ind1=" " ind2=" " tag="653">
      <marc:subfield code="a">High Fantasy</marc:subfield>
   </marc:datafield>
   <marc:datafield ind1=" " ind2=" " tag="653">
      <marc:subfield code="a">Magie</marc:subfield>
   </marc:datafield>
   <marc:datafield ind1=" " ind2=" " tag="653">
      <marc:subfield code="a">Magisches System</marc:subfield>
   </marc:datafield>
   <marc:datafield ind1=" " ind2=" " tag="653">
      <marc:subfield code="a">World Building</marc:subfield>
   </marc:datafield>
   <marc:datafield ind1=" " ind2=" " tag="653">
      <marc:subfield code="a">Fantasy</marc:subfield>
   </marc:datafield>
   <marc:datafield ind1="0" ind2="0" tag="245">
      <marc:subfield code="a">The shadow of what was lost - Buch eins der Licanius-Trilogie</marc:subfield>
   </marc:datafield>
   <marc:datafield ind1="0" ind2="0" tag="245">
      <marc:subfield code="c">James Islington</marc:subfield>
   </marc:datafield>
   <marc:datafield ind1=" " ind2="1" tag="264">
      <marc:subfield code="a">Berlin</marc:subfield>
      <marc:subfield code="b">adrian &amp; wimmelbuchverlag</marc:subfield>
      <marc:subfield code="c">2026</marc:subfield>
   </marc:datafield>
   <marc:datafield ind1="1" ind2=" " tag="490">
      <marc:subfield code="a">Licanius-Trilogie</marc:subfield>
      <marc:subfield code="v">1</marc:subfield>
   </marc:datafield>
   <marc:datafield ind1=" " ind2=" " tag="250">
      <marc:subfield code="a">1. Auflage</marc:subfield>
   </marc:datafield>
   <marc:datafield ind1="1" ind2=" " tag="520">
      <marc:subfield code="a">„Eine erzählerische Sicherheit, die für ein Debüt selten ist ... Fans von Robert Jordan und Brandon Sanderson werden viel Bewundernswertes finden“ Guardian
WENN DAS SCHICKSAL RUFT, BEGINNT EINE REISE
&lt;br&gt;
Es sind zwanzig Jahre vergangen, seit die gottgleichen Auguren gestürzt und getötet wurden. Nun werden diejenigen, die ihnen einst dienten – die Begabten – nur verschont, weil sie die Vier Prinzipien der Rebellion, die ihre eigenen Kräfte stark einschränken, akzeptiert haben.
Als junger Begabter leidet Davian unter den Folgen eines Krieges, der verloren war, noch bevor er geboren wurde. Er und andere wie er werden verachtet. Aber als Davian entdeckt, dass er die verbotenen Kräfte der Auguren besitzt, setzt er eine Kette von Ereignissen in Gang, die alles verändern wird.
&lt;br&gt;
Im Westen wacht ein junger Mann, dessen Schicksal mit Davians verbunden ist, im Wald auf, bedeckt mit Blut und ohne jede Erinnerung daran, wer er ist...
&lt;br&gt;
Und im fernen Norden beginnt ein uralter Feind, der längst besiegt geglaubt war, sich zu regen.
 
</marc:subfield>
   </marc:datafield>
   <marc:datafield ind1=" " ind2=" " tag="020">
      <marc:subfield code="a">9783985853847</marc:subfield>
      <marc:subfield code="9">9783985853847</marc:subfield>
   </marc:datafield>
   <marc:datafield ind1=" " ind2=" " tag="020">
      <marc:subfield code="a">3985853843</marc:subfield>
      <marc:subfield code="9">3985853843</marc:subfield>
   </marc:datafield>
   <marc:datafield ind1=" " ind2=" " tag="041">
      <marc:subfield code="a">ger</marc:subfield>
   </marc:datafield>
   <marc:datafield ind1=" " ind2=" " tag="300">
      <marc:subfield code="a">784 Seiten</marc:subfield>
   </marc:datafield>
</marc:record>
